Velazquez: (Record no. 5159)

MARC details
000 -CABECERA
campo de control de longitud fija 01030nam a2200265 a 4500
001 - NÚMERO DE CONTROL
campo de control BRCA_5465
005 - FECHA Y HORA DE LA ÚLTIMA TRANSACCIÓN
campo de control 20190320205105.0
008 - DATOS DE LONGITUD FIJA--INFORMACIÓN GENERAL
campo de control de longitud fija 750415s1905 gw-ac#####---#000-0#ger-#
041 ## - CÓDIGO DE LENGUA
Código de lengua del texto/banda sonora o título independiente ger
044 ## - CÓDIGO DEL PAÍS DE LA ENTIDAD EDITORA/PRODUCTORA
Código MARC del país gw
050 #4 - SIGNATURA TOPOGRÁFICA DE LA BIBLIOTECA DEL CONGRESO
Número de clasificación ND813.V4
Número de documento/Ítem .V45 1905
245 10 - MENCIÓN DE TÍTULO
Título Velazquez:
Resto del título des Meisters Gemälde in 146 Abbildungen
Mención de responsabilidad, etc. mit einer biographischen einleitung von Walther Gensel.
260 ## - PUBLICACIÓN, DISTRIBUCIÓN, ETC.
Lugar de publicación, distribución, etc. Stuttgart, Alemania
Nombre del editor, distribuidor, etc. Deutsche Verlag-Anstalt
Fecha de publicación, distribución, etc. 1905
300 ## - DESCRIPCIÓN FÍSICA
Extensión xxix, 160 p. principalmente láminas
Otras características físicas il., láminas, retratos
Dimensiones 25 cm.
440 #0 - MENCIÓN DE SERIE/PUNTO DE ACCESO ADICIONAL--TÍTULO
Título Klassiker der Kunst: in gesamtausgaben
Designación de volumen o secuencia 6
9 (RLIN) 13963
500 ## - NOTA GENERAL
Nota general Incluye lista cronológica de las pinturas, lista de ubicación y dueño de las pinturas y guía sistemática de las pinturas
500 ## - NOTA GENERAL
Nota general Con 146 ilustraciones
500 ## - NOTA GENERAL
Nota general M45
600 14 - PUNTO DE ACCESO ADICIONAL DE MATERIA--NOMBRE DE PERSONA
Nombre de persona Velázquez, Diego Rodriguez de la Silva y
Fechas asociadas al nombre 1599-1660
9 (RLIN) 13964
650 14 - PUNTO DE ACCESO ADICIONAL DE MATERIA--TÉRMINO DE MATERIA
Término de materia o nombre geográfico como elemento de entrada Pintores españoles
9 (RLIN) 7620
650 14 - PUNTO DE ACCESO ADICIONAL DE MATERIA--TÉRMINO DE MATERIA
Término de materia o nombre geográfico como elemento de entrada Pïnturas españolas
9 (RLIN) 7789
700 1# - PUNTO DE ACCESO ADICIONAL--NOMBRE DE PERSONA
Nombre de persona Gensel, Walther
Fechas asociadas al nombre 1870-1910
9 (RLIN) 13965
902 ## - CATALOGADOR
Iniciales GFM
942 ## - ELEMENTOS DE PUNTO DE ACCESO ADICIONAL (KOHA)
Fuente del sistema de clasificación o colocación Library of Congress Classification
Tipo de ítem Koha Libros
Holdings
Estado de retiro Estado de pérdida Estado dañado No para préstamo Localización permanente Ubicación/localización actual Fecha de adquisición Número de inventario Total de préstamos Signatura topográfica completa Código de barras Fecha visto por última vez Precio válido a partir de Tipo de ítem Koha
El ejemplar forma parte de la colección y puede ser consultado según las políticas vigentes.       Biblioteca del Museo Franz Mayer (Rogerio Casas-Alatriste) Biblioteca del Museo Franz Mayer (Rogerio Casas-Alatriste) 23/12/2010 M45   ND813.V4 .V45 1905 (M45) 5900 22/03/2019 22/03/2019 Libros